000 01121nam a2200265Ia 4500
003 OSt
005 20221005104820.0
006 a|||||r|||| 00| 0
007 ta
008 221004b |||||||| |||| 00| 0 san d
020 _a9789383838073 (hbk)
_cINR 295.00
024 _a35355
037 _b132, 14/09/2017, Eastern Book Linkers
_cTextual
040 _aCRL
_cCRL
_bsan
041 _2san
_asan
082 _aR621, 152Q7
100 _aझा, दिलीप कुमार, ले.
245 0 _aवैशेषिक दर्शन में द्रव्य निरूपणः प्रमाणमंजरी के संदर्भ में
246 _aVaisheṣhik darshan mean dravya nirūpaṇah pramāṇamanjarī ke sandarbha mean
260 _aदिल्ली
_bशिवालिक प्रकाशन भारत
_c2017
300 _a62पृ0
_ccm.
650 _aदर्शनशास्त्र
942 _hR621, 152Q7
_cTEXL
_2cc
999 _c1013882
_d1013882